Zo spoločnej zimy /

Uložené v:
Podrobná bibliografia
Hlavný autor: Chrobáková, Stanislava
Ďalší autori: Grísa, Peter (Illustrator)
Médium: Kniha
Jazyk:Slovak
Vydané: Levoča : Modrý Peter, vydavateľstvo, 1994.
Vydanie:1. vyd.
Edícia:Mušľa
Témy:
ISBN: 8085515164 (brož.)
Fyzický popis: 86 s.
Tagy: Pridať tag
Žiadne tagy, Buďte prvý kto otaguje tento záznam!

MARC

LEADER 00000nam a2200000 a 4500
001 000072739
003 SVKK
005 20110429211531.0
008 990225s1994 xo e 000 0 slo d
020 |a 8085515164 (brož.) 
040 |a SVKKK  |b slo  |c SVKKK  |e AACR2 
041 0 |a slo 
044 |a xo  |c SK 
080 |a 885.4-1 Chrobáková, S.  |2 1997 
080 |a 75.056 Grísa, P.  |2 1997 
100 1 |a Chrobáková, Stanislava 
245 1 0 |a Zo spoločnej zimy /  |c Stanislava Chrobáková ; ilustroval Peter Grísa. 
250 |a 1. vyd. 
260 |a Levoča :  |b Modrý Peter, vydavateľstvo,  |c 1994. 
300 |a 86 s. 
490 1 |a Mušľa 
655 7 |a umelecká literatúra  |2 SVKKKPH 
700 1 |a Grísa, Peter  |4 ill 
830 0 |a Mušľa 
910 |a svkkk 
919 |a 80-85515-16-4 
974 |a MI  |d 19990225 
974 |a PA  |d 19990225 
974 |a PA  |d 19991109 
998 |a BK 
090 |g SCKHL  |k Sklad Hlavná 10 prízemie  |a I.65503  |j 874719  |i 2720334112  |s Absenčne